在京キー局の歴代深夜枠ニュース番組 - Statistics

General Stats
  • This quiz has been taken 21 times
  • The average score is 7 of 41
Answer Stats
放送局 放送期間 番組名 % Correct
テレビ朝日 2004.4.5~2016.3.31 報道ステーション
85%
テレビ朝日 2016.4.11 報道ステーション
85%
TBSテレビ 2008.3.31~2010.3.26 NEWS23
85%
TBSテレビ 2013.4.1~現在 NEWS23
85%
日本テレビ 2006.10.2~現在 NEWS ZERO
80%
テレビ朝日 1985.10.7~2004.3.26 ニュースステーション
50%
テレビ東京 1988.4.4~現在 ワールドビジネスサテライト
45%
フジテレビ 2017.10.2~2018.3.31 THE NEWSα
30%
フジテレビ 1994.4.1~2015.3.28 ニュースJAPAN
25%
東京放送⇒TBSテレビ 1989.10.2~2008.3.28 筑紫哲也 NEWS23
25%
日本テレビ 1954.10.4~2006.9.29 NNNきょうの出来事
25%
TBSテレビ 2010.3.29~2013.3.29 NEWS23X
20%
フジテレビ 2016.4.4~2017.9.29 ユアタイム
15%
フジテレビ 2015.3.30~2016.4.2 あしたのニュース
10%
日本教育テレビ(NETテレビ) 1971.4.5~1975.10.10 ANNニュース
10%
フジテレビ 1990.4.2~1990.4.6 FNNニュース
10%
フジテレビ 1965.10~1966.3 きょうのニュース
5%
フジテレビ 1988.4.1~1990.3.30 ニュース最終版
5%
日本教育テレビ(NETテレビ)⇒テレビ朝日 1975.10.13~1985.10.4 ANNニュースファイナル
5%
フジテレビ 2018.4.2~2019.3.30 FNNプライムニュース α
5%
フジテレビ 1987.10.1~1988.3.31 FNN DATELINE
5%
フジテレビ 2019.4.2~現在 FNN Live News α
5%
フジテレビ 1990.4.9~1994.3.31 FNN NEWSCOM
5%
日本教育テレビ(NETテレビ) 1959.12~1967.7.14 NETニュース
5%
フジテレビ 1966.4~1968.3 こちら報道部
0%
フジテレビ 1967頃 ニュースパトロール
0%
東京12チャンネル⇒テレビ東京 1980.10.1~1985 あすの日経朝刊
0%
テレビ東京 1985~1988.4.1 ニュース・日経朝刊
0%
科学テレビ⇒東京12チャンネル 1969.12.1~1980.9.30 東京12チャンネルニュース
0%
日本教育テレビ(NETテレビ) 1970.1~1971.3.12 ANN 夜のワイドニュース
0%
テレビ朝日 2004.3.29~2004.4.2 ANN NEWS&SPORTS
0%
テレビ朝日 2016.4.1~2016.4.8 ANN NEWS&SPORTS
0%
フジテレビ 1968.4~1977.4.1 FNNニュース最終版
0%
フジテレビ 1987.4.1~1987.9.30 FNNニュース工場
0%
フジテレビ 1977.4.4~1987.3.31 FNNニュースレポート23:00
0%
東京放送 1969.3.31~1986.9.26 JNNニュースデスク
0%
東京放送 1986.9.29~1987.10.2 ネットワーク JNN
0%
東京放送 1987.10.5~1988.9.30 JNNニュース22プライムタイム
0%
東京放送 1988.10.3~1989.9.29 JNNニュースデスク'88・'89
0%
東京放送 1958.8~1969.3.28 JNN NEWS
0%
日本教育テレビ(NETテレビ) 1967.7.17~1969.12 NET 夜のワイドニュース
0%
No matching quizzes found
Score Distribution
Percent of People with Each Score
Percentile by Number Answered
Your Score History
You have not taken this quiz